Every Ring 2 Tower - Statistics

General Stats
  • This quiz has been taken 6 times
  • The average score is 8 of 12
Answer Stats
Difficulty Tower % Correct
Challenging Tower of {Traps}
100%
Hard Tower of {Big Hole}
75%
Challenging Tower of {Deep Darkness}
75%
Hard Tower of {Overcoming Hatred}
75%
Challenging Tower of {Shattered Dreams}
75%
Intense Tower of {Table Flipping}
75%
Remorseless Citadel of {Wacky Strategy}
50%
Difficult Tower of {Cold Hands}
50%
Insane Tower of {Difficulty Chart}
50%
Remorseless Tower of {Eternal Suffering}
50%
Challenging Tower of {Falling and Failing}
50%
Medium Tower of {Phone Snapping}
25%
No matching quizzes found
Score Distribution
Percent of People with Each Score
Percentile by Number Answered
Your Score History
You have not taken this quiz